El pensamiento social del Cardenal Silva Henríquez

Պահպանված է:
Մատենագիտական մանրամասներ
Հիմնական հեղինակ: Díaz H., Luis Antonio
Ձևաչափ: Գիրք
Լեզու:իսպաներեն
Հրապարակվել է: Santiago Instituto Apostólico Fundación Cardenal Cardijn 1976
Խորագրեր:
Ցուցիչներ: Ավելացրեք ցուցիչ
Չկան պիտակներ, Եղեք առաջինը, ով նշում է այս գրառումը!

MARC

LEADER 00000nam a22000005a 4500
003 CL-ChBUA
005 20120815091516.0
008 080910s1976 cl ||||| |||| 000 ||spa
040 |a CL-ChBUA  |c CL-ChBUA 
082 0 0 |a 262.1350824 
090 |c 23443  |d 23443 
100 1 |a Díaz H., Luis Antonio 
245 1 0 |a El pensamiento social del Cardenal Silva Henríquez 
260 |a Santiago  |b Instituto Apostólico Fundación Cardenal Cardijn  |c 1976 
300 |a 268 p.  |c 18 cm. 
504 |a Indice, il. 
650 4 |a SILVA HENRIQUEZ, RAUL 
650 4 |a DOCTRINA SOCIAL DE LA IGLESIA - CHILE 
942 |c LIB 
952 |0 0  |1 0  |4 0  |7 0  |9 57398  |a UNACH  |b UNACH  |c 200  |d 2008-09-10  |i 42.558  |l 0  |o 262.1350824 / D 542  |p 58484  |r 2013-09-24 00:00:00  |u 57398  |w 2012-08-08  |y LIB  |k 262.1350824 / D 542 
999 |c 23443  |d 23443